Countries Miley Cyrus has visited - Statistics

General Stats
  • This quiz has been taken 116 times
    18 since last reset
  • The average score is 29 of 36
Answer Stats
Continent Country % Correct
South America Argentina
92%
South America Brazil
92%
South America Chile
92%
South America Ecuador
92%
Europe Finland
92%
Europe France
92%
Europe Germany
92%
Europe Italy
92%
North America Mexico
92%
Europe Spain
92%
Europe Sweden
92%
North America United States of America
92%
Oceania Australia
83%
North America Canada
83%
South America Colombia
83%
Europe Ireland
83%
Oceania New Zealand
83%
Europe Norway
83%
South America Paraguay
83%
Europe Poland
83%
Europe Portugal
83%
Europe United Kingdom
83%
Europe Austria
75%
North America Costa Rica
75%
South America Peru
75%
Africa South Africa
75%
Europe Switzerland
75%
Europe the Netherlands
75%
South America Venezuela
75%
North America Bahamas
67%
Europe Belgium
67%
Europe Denmark
67%
North America Panama
67%
Europe Kosovo
42%
Europe Monaco
42%
Asia the Philippines
42%
No matching quizzes found
Score Distribution
Percent of People with Each Score
Percentile by Number Answered
Your Score History
You have not taken this quiz since the last reset